书目信息 |
| 书名: | an exhibition by Leonardo da Vinci from the Royal Collection | |
| 作者: | Leonardo da Vinci. | |
| 分册号: | ||
| 分册名: | 出版地: |
|
| 出版社: | ||
| 出版时间: | 1969-1970. | |
| 页数: | 44 p. ; | |
| 开本: | 20cm. | |
| 丛书名: | ||
| 中图分类号: | ||
| 科图分类号: | ||
| 其他分类号: | J235.46 | |
| 主题词: | ||
| 电子资源: | ||
| 000 | 00423nam 2200145 a 4500 | |
| 001 | E0755425391 | |
| 005 | 20070712153523.98 | |
| 008 | 070712s1969 00010 eng | |
| 040 | @aPFT@beng | |
| 090 | @aJ235.46 | |
| 099 | @dJ235.46@ex39 | |
| 245 | @aan exhibition by Leonardo da Vinci from the Royal Collection / @cLeonardo da Vinci. | |
| 260 | @c1969-1970. | |
| 300 | @a44 p. ;@c20cm. | |
| 500 | @aThe Queen's Gallery,Buckingham Palace | |
| an exhibition by Leonardo da Vinci from the Royal Collection / / Leonardo da Vinci.-1969-1970. |
| 44 p. ; ; 20cm. |
| The Queen's Gallery,Buckingham Palace |
| ISBN |
| ● |
| 相关链接 |
|
|
|
|
正题名:an exhibition by Leonardo da Vinci from the Royal Collection
索取号:J235.46/x39
 
预约/预借
| 序号 | 登录号 | 条形码 | 馆藏地/架位号 | 状态 | 备注 |
| 1 | 11830 | 300118307 | 第二样本阅览室/ [索取号:J235.46/x39] | 在馆 |